书目信息 |
| 题名: |
家庭食品、用品妙用大观
|
|
| 作者: | 彭伦健 , 熊树仁 编 | |
| 分册: | ||
| 出版信息: | 成都 电子科技大学出版社 1993.07 |
|
| 页数: | 282页 | |
| 开本: | 32开 | |
| 丛书名: | ||
| 单 册: | ||
| 中图分类: | TS971 | |
| 科图分类: | ||
| 主题词: | 生活--供应技术 | |
| 电子资源: | ||
| ISBN: | 7-81016-602-6 | |
| 000 | 00626nam0 2200205 45 | |
| 001 | 0008211087 | |
| 005 | 20000821103144.8 | |
| 010 | @a7-81016-602-6@d6.80元 | |
| 100 | @a20000821d1993 km y0chiy0120 ea | |
| 101 | 0 | @achi |
| 105 | @a z 000yy | |
| 200 | 1 | @a家庭食品、用品妙用大观@AJia Ting Shi Pin、Yong Pin Miao Yong Da Guan@f彭伦健,熊树仁编@FPeng Lun Jian,Xiong Shu Ren Bian |
| 210 | @a成都@c电子科技大学出版社@d1993.07 | |
| 215 | @a282页@d32开 | |
| 606 | 0 | @a生活@x供应技术 |
| 690 | @aTS971@v3 | |
| 701 | 0 | @a彭伦健@4编 |
| 701 | 0 | @a熊树仁@4编 |
| 801 | @aCN@bPftUser@c20000821 | |
| 905 | @b112759-763@dTS971@eP349@f5 | |
| 家庭食品、用品妙用大观/彭伦健,熊树仁编.-成都:电子科技大学出版社,1993.07 |
| 282页;32开 |
| ISBN 7-81016-602-6:6.80元 |
| ● |
| 相关链接 |
|
|
|
正题名:家庭食品、用品妙用大观
索取号:TS971/P349
 
预约/预借
| 序号 | 登录号 | 条形码 | 馆藏地/架位号 | 状态 | 备注 |
| 1 | 112759 | 201127592 | 自科二线504/110考试书库 4排3列5层/ [索取号:TS971/P349] | 在馆 | |
| 2 | 112760 | 201127609 | 自科二线504/504自科库 42排5列4层/ [索取号:TS971/P349] | 在馆 | |
| 3 | 112761 | 201127618 | 自科二线504/110考试书库 4排3列5层/ [索取号:TS971/P349] | 在馆 | |
| 4 | 112762 | 201127627 | 自科库501/ [索取号:TS971/P349] | 在馆 | |
| 5 | 112763 | 201127636 | 自科库501/ [索取号:TS971/P349] | 在馆 |